000 00226nam a22000857a 4500
008 160711b xxu||||| |||| 00| 0 eng d
100 _92583
_a Champers Harrap
245 _aChambers Idoms
260 _aSingapore
_b Champers Harrap
_c1993
999 _c2248
_d2248